Diseño de un elevador de carga para el edificio de Artes Musicales de la Universidad de Costa Rica
Saved in:
| Main Author: | |
|---|---|
| Format: | Book |
| Published: |
[San José , Costa Rica]
1995
|
| Subjects: | |
| Tags: |
Add Tag
No Tags, Be the first to tag this record!
|
MARC
| LEADER | 00000nam a2200000Ia 4500 | ||
|---|---|---|---|
| 003 | 007718 | ||
| 005 | 20221231144252.0 | ||
| 008 | 140114s1995 cr a m 000 ||s d | ||
| 040 | |c cru CEDI | ||
| 090 | |a TFG 3316 | ||
| 100 | |a Befeler Israelski, Irving |9 10628 | ||
| 245 | |a Diseño de un elevador de carga para el edificio de Artes Musicales de la Universidad de Costa Rica | ||
| 260 | |c 1995 |a [San José , Costa Rica] | ||
| 300 | |a x, [121] hojas : ilustraciones | ||
| 500 | |a Práctica dirigida (licenciatura en ingeniería mecánica)--Universidad de Costa Rica. Facultad de Ingeniería. Escuela de Ingeniería Mecánica | ||
| 650 | |x ASCENSORES - DISEÑO Y CONSTRUCCION |9 5206 | ||
| 942 | |c TFG | ||
| 999 | |c 19345 |d 19345 | ||
